| 000 | 00345nam a2200133Ia 4500 | ||
|---|---|---|---|
| 005 | 20260328101440.0 | ||
| 008 | 260328s9999||||xx |||||||||||||| ||und|| | ||
| 100 | _aKluver, Billy | ||
| 245 | 0 |
_aPavilion : _b Experiments in art and technology / _cBilly Kluver |
|
| 260 | _bDutton | ||
| 300 | _a346 p. | ||
| 650 | _aDISEÑO INDUSTRIAL | ||
| 942 | _cBK | ||
| 999 |
_c8217 _d8217 |
||